000 00517cam a2200205 4500
001 1746313
005 20180109083608.0
008 711123t19701964cau b 001 0 eng
010 _a 75117509
040 _aDLC
_cDLC
_dDLC
041 _aeng
080 _a184 STR
082 0 0 _a184 STR
100 1 _a24
101 _aFIL
245 1 0 _aPlato and Aristotle; an introduction
_c[by] Guy W. Stroh.
504 _aBibliography: p. 47-49.
906 _a7
_bcbc
_corignew
_d2
_encip
_f19
_gy-gencatlg
942 _2ddc
_cBK
999 _c39959
_d39959